1482 1348 1392 1278 1878 1555 1258 1507 1486 1749 1630 1230 1105 1666 1865 1064 1932 1733 1407 1304 2000 1552 1604 1102 1198 1482 1011 1862 1524 1064 1224 1735 1541 1479 1479 1232 1642 1737 1843 1336 1691 1870 1531 1820 1258 1443 1012 1638 1646 1501 1900 1603 1518 1788 1178 1402 1943 1571 1002 1528 1274 1744 1148 1840 1498 1918 1074 1940 1861 1954 1852 1908 1627 1267 1870 1891 1766 1430 1014 1708 1611 1911 1146 1278 1577 1045 1587 1223 1432 1843 1285 1446 1367 1965 1146 1895 1297 1443 1656 BCNSPRNW ULIB Ver.6.0+V

เปลี่ยนเป็นภาษาไทย

Change to English
 แสดงรายละเอียดบรรณานุกรม
  กลับหน้าหลัก

Brief Record : Get Marc (ISO 2709) : E-mail record : QR code < ปิดหน้าต่าง
LEADER : 00000nam 2200000uu 4500
001    13399112853
003     ULIB
008    110914s2552||||th 000 0 tha d
020    9786115000227
090    นว.^bณ429ร
100 0  ณารา
245 00 รอยฝันตะวันเดือด/^cณารา
250    พิมพ์ครั้งที่ 4
260    กรุงเทพฯ :^bพิมพ์คำ,^c2552
300    480 หน้า
710 1  พิมพ์คำ
945    ^p290^l0^i16998
995    กัณชพร
999    ^aใช้งานได้ทุกระบบ
รายการนี้ยังไม่มีแท็ก
คุณยังไม่ได้ล็อกอิน คุณสามารถมีกิจกรรมร่วมกับเว็บไซต์ได้ แต่ต้องล็อกอินก่อน ::
  ล็อกอิน

รายการสื่อสารสนเทศ

ลำดับที่ ประเภท เลขเรียก/บาร์โค้ด สถานที่ สถานะ
1. นวนิยาย
นวนิยาย
นว. ณ429ร  
  Barcode: 16998
ห้องสมุดวิทยาเขตสวรรค์ประชารักษ์
►นวนิยาย
บนชั้น
  ขอยืม

รายการใกล้เคียง
    ผู้แต่ง [ณารา]

BibComment


ยังไม่เคยถูกคอมเมนท์

คอมเมนท์ทรัพยากรรายการนี้
  คอมเมนท์: รอยฝันตะวันเดือด ..


 Copyright 2026. Bcnsprnw @Library